000 00543nam a2200181Ia 4500
001 11226
005 20260306161930.0
008 260306t2023||||xx |||||||||||||| ||spa||
041 _aESP
082 _a985.019
_bM61P
110 _aMinisterio de Cultura del Perú
245 0 _aGuía metodológica de conservación 2 :
_bpautas para el diagnóstico en conservación de los sitios arqueológicos del sistema vial inca
260 _c2023
300 _a39 páginas :
_c20 cm.
650 _aGEN
654 _aCHU
942 _cLIB
_dJUS
_fJUS
_2ddc
_n
999 _c11226
_d11226